000 00620cam a2200193 4500
999 _c233720
_d233720
001 284364
003 Nust
005 20170310121729.0
008 731001s1966 at j 000 1 eng
010 _a 67080848
015 _aAus66-1426
020 _a9780140368000
040 _aDLC
_cDLC
_dDLC
050 0 0 _aPZ7.M768
_bAo
082 _a813.52
_bMON
100 1 _aMontgomery, L. M.
_q(Lucy Maud),
_d1874-1942.
245 1 0 _aAnne of Windy Willows,
_cby L. M. Montgomery.
260 _aSydney,
_aLondon [etc.]
_bAngus and Robertson
_c1966
300 _a315 p.
_c19 cm.
650 _aTeachers in motion pictures
_vFiction
906 _a7
_bcbc
_corignew
_du
_eopcn
_f19
_gy-gencatlg
942 _2ddc
_cBK